[Event "ODEM U25 2010"]
[Site "Oberhof GER"]
[Date "2010.05.28"]
[Round "8"]
[White "Hundt, Fabian"]
[Black "Hartewig, Philipp"]
[Result "0-1"]
[Termination "normal"]
[Board "15"]
[WhiteElo "1948"]
[BlackElo "1650"]
[PlyCount "44"]
[WhiteFideId "4645294"]
[BlackFideId "1270639"]
[EventCountry "GER"]
[EventRounds "9"]
[EventType "swiss"]
[EventDate "2010.05.22"]

1. e4 d6 2. d4 Nf6 3. Nc3 g6 4. f3 c6 5. Be3 b5 6. a3 Nbd7 7. Qd2 Bb7 8. Bd3
Qc7 9. Nge2 a6 10. Na2 c5 11. c4 bxc4 12. Bc2 Bg7 13. Rc1 O-O 14. Bb1 Nb6 15.
dxc5 dxc5 16. Qa5 Nfd7 17. Nac3 Rac8 18. O-O Qc6 19. Nd5 Nxd5 20. exd5 Qb5 21.
Qxb5 axb5 22. Nc3 b4 0-1

[Event "ODEM U25 2010"]
[Site "Oberhof GER"]
[Date "2010.05.28"]
[Round "8"]
[White "Meiser, Michael"]
[Black "Arsen, Abrahamyan"]
[Result "0-1"]
[Termination "normal"]
[Board "16"]
[WhiteElo "1967"]
[BlackElo "1664"]
[PlyCount "112"]
[WhiteFideId "24659762"]
[EventCountry "GER"]
[EventRounds "9"]
[EventType "swiss"]
[EventDate "2010.05.22"]

1. e4 c5 2. Nc3 Nc6 3. Bb5 Nd4 4. Bc4 e6 5. d3 a6 6. a3 b5 7. Ba2 Bb7 8. Nf3
Ne7 9. O-O Qc7 10. Nxd4 cxd4 11. Ne2 Nc6 12. f4 Bd6 13. Bd2 O-O 14. Rf3 b4 15.
axb4 Nxb4 16. Bb3 f5 17. e5 Bc5 18. Rh3 Qc6 19. Qf1 a5 20. Ba4 Qd5 21. Kh1 Bb6
22. c4 dxc3 23. Nxc3 Qc5 24. Bxd7 Qe7 25. Bb5 Nc2 26. Rc1 Nd4 27. Bc4 Rfd8 28.
Be3 Rac8 29. Qf2 Bc5 30. Ra1 Ra8 31. Nb5 Nxb5 32. Bxc5 Qe8 33. Bb6 Rdb8 34. Re3
Qc6 35. Bxa5 Nc7 36. Ree1 Nd5 37. b4 Nxf4 38. Rg1 Nh3 39. Qg3 Nxg1 40. Kxg1 Ba6
41. Bb3 Bc8 42. Qe1 Bb7 43. Qd2 Rc8 44. Rf1 Rf8 45. Rc1 Qd7 46. Bb6 Rfc8 47.
Bc5 Bd5 48. Bxd5 Qxd5 49. d4 Ra2 50. Qg5 h6 51. Qg3 Qxd4+ 52. Kh1 Qxb4 53. Bxb4
Rxc1+ 54. Be1 Raa1 55. h3 Rxe1+ 56. Kh2 Rh1# 0-1

[Event "ODEM U25 2010"]
[Site "Oberhof GER"]
[Date "2010.05.28"]
[Round "8"]
[White "Baier, Christoph"]
[Black "Siegl, Pascal"]
[Result "1-0"]
[Termination "normal"]
[Board "17"]
[WhiteElo "1841"]
[BlackElo "1595"]
[PlyCount "37"]
[WhiteFideId "24655759"]
[BlackFideId "24657069"]
[EventCountry "GER"]
[EventRounds "9"]
[EventType "swiss"]
[EventDate "2010.05.22"]

1. d4 d5 2. Nf3 Nf6 3. c4 Bf5 4. Nc3 c6 5. Qb3 b6 6. Bg5 e6 7. e3 Nbd7 8. Rc1
h6 9. Bh4 Qc7 10. cxd5 cxd5 11. Ba6 b5 12. Bxb5 Rb8 13. Qa4 Bd6 14. Bxf6 gxf6
15. O-O Rb6 16. Ne4 Qd8 17. Bxd7+ Ke7 18. Nxd6 Rxd6 19. Rc8 1-0

[Event "ODEM U25 2010"]
[Site "Oberhof GER"]
[Date "2010.05.28"]
[Round "8"]
[White "Schneider, Johannes"]
[Black "Kühne, Niklas"]
[Result "1/2-1/2"]
[Termination "normal"]
[Board "18"]
[WhiteElo "1801"]
[BlackElo "1652"]
[PlyCount "135"]
[WhiteFideId "24687260"]
[BlackFideId "24690015"]
[EventCountry "GER"]
[EventRounds "9"]
[EventType "swiss"]
[EventDate "2010.05.22"]

1. d4 d5 2. c4 e6 3. Nc3 Nf6 4. cxd5 exd5 5. Bg5 Nbd7 6. e3 c6 7. Bd3 Be7 8.
Qc2 O-O 9. Nge2 h6 10. Bh4 Re8 11. O-O-O b5 12. Rdg1 Qa5 13. Kb1 Nb6 14. h3 Nc4
15. Nd1 Qd2 16. Ndc3 Qxc2+ 17. Kxc2 Bd7 18. b3 Nd6 19. Rc1 Nfe4 20. Bxe7 Rxe7
21. Bxe4 Nxe4 22. Nxe4 Rxe4 23. Nf4 Re7 24. Kd2 a5 25. Rc2 a4 26. b4 a3 27. Rc3
Be8 28. Rhc1 Rea7 29. Nd3 f6 30. Kc2 Kf8 31. Kb3 Ra6 32. f3 Ke7 33. Nc5 Rb6 34.
Rd1 Kd6 35. Kc2 Bf7 36. Rdd3 Rbb8 37. Rxa3 Bg6 38. e4 Bf7 39. Kb2 Re8 40. Rxa8
Rxa8 41. a3 Re8 42. Re3 Bg6 43. Kc2 Ra8 44. g4 Bh7 45. Kb3 dxe4 46. fxe4 Bg8+
47. Kc2 Bh7 48. Kd2 Re8 49. Ke2 g5 50. Kf3 Bg6 51. Nd3 Kc7 52. Nc1 Kd6 53. Ne2
h5 54. Ng3 h4 55. Nf5+ Bxf5 56. gxf5 Ke7 57. e5 Rd8 58. Ke4 Kd7 59. Rd3 Ke7 60.
e6 Rd5 61. Rc3 Rd6 62. Rc5 Ke8 63. a4 bxa4 64. Ra5 Ke7 65. Rxa4 Rd8 66. Ra3 Rb8
67. Rb3 Kd6 68. Rb1 1/2-1/2

[Event "ODEM U25 2010"]
[Site "Oberhof GER"]
[Date "2010.05.28"]
[Round "8"]
[White "Matschewsky, Justus"]
[Black "Mainik, Philipp"]
[Result "1-0"]
[Termination "normal"]
[Board "19"]
[WhiteElo "1727"]
[BlackElo "1716"]
[PlyCount "111"]
[WhiteFideId "24678708"]
[BlackFideId "4638646"]
[EventCountry "GER"]
[EventRounds "9"]
[EventType "swiss"]
[EventDate "2010.05.22"]

1. e4 e6 2. d4 d5 3. Nc3 Bb4 4. e5 c5 5. a3 Bxc3+ 6. bxc3 Ne7 7. f4 Nbc6 8. Nf3
Ng6 9. Be2 cxd4 10. cxd4 Qc7 11. Bd2 Bd7 12. Qb1 O-O 13. O-O a6 14. a4 Rfc8 15.
Rc1 Na5 16. Qb4 Nc4 17. Bd3 a5 18. Qc3 Qb8 19. Bxc4 Rxc4 20. Qb3 Qc7 21. Ra2
Rb8 22. Rb1 b5 23. c3 Rb7 24. Ne1 Bc6 25. axb5 Rxb5 26. Qc2 Ne7 27. Nd3 f6 28.
Nb2 Rxb2 29. Qxb2 Kf7 30. Qb6 Qxb6 31. Rxb6 a4 32. Rb4 Rxb4 33. cxb4 Bb5 34.
Kf2 Nc6 35. Bc3 Ke7 36. Ke3 Kd7 37. g4 Ke7 38. h4 Kf7 39. Be1 Ke7 40. Rc2 Bc4
41. b5 Na7 42. Bb4+ Kd7 43. b6 Nb5 44. exf6 gxf6 45. g5 fxg5 46. fxg5 a3 47. h5
a2 48. Rc1 e5 49. g6 hxg6 50. h6 Nxd4 51. h7 Nb3 52. h8=Q d4+ 53. Ke4 Nxc1 54.
Qxe5 Bd3+ 55. Kd5 Bc4+ 56. Kxc4 1-0

[Event "ODEM U25 2010"]
[Site "Oberhof GER"]
[Date "2010.05.28"]
[Round "8"]
[White "Holle, Eric"]
[Black "Kast, Joannis"]
[Result "0-1"]
[Termination "normal"]
[Board "20"]
[WhiteElo "1694"]
[BlackElo "1733"]
[PlyCount "132"]
[WhiteFideId "4624610"]
[BlackFideId "24698776"]
[EventCountry "GER"]
[EventRounds "9"]
[EventType "swiss"]
[EventDate "2010.05.22"]

1. e4 e5 2. Nf3 Nc6 3. d4 exd4 4. Nxd4 Bc5 5. Be3 Bb6 6. c3 d6 7. f4 Nf6 8. Nd2
O-O 9. Be2 Re8 10. Bf3 Bd7 11. O-O Qc8 12. h3 Kh8 13. Qe1 Re7 14. Qg3 Qf8 15.
Rae1 Rae8 16. Bf2 Ng8 17. Nc4 Nh6 18. Ne3 Rc8 19. Nd5 Ree8 20. Nb5 Ne7 21. Nd4
Nc6 22. Nxb6 axb6 23. Bd1 Re7 24. Re2 Rce8 25. Rfe1 f6 26. Bb3 Nf7 27. f5 Nxd4
28. cxd4 Bxf5 29. Qf3 Bc8 30. Bg3 Ng5 31. Qd3 Nf7 32. Qf3 Ng5 33. Qd3 Ne6 34.
e5 dxe5 35. dxe5 fxe5 36. Bc2 g6 37. Bxe5+ Ng7 38. Qc3 Bd7 39. Qxc7 Bc6 40.
Bxg7+ Rxg7 41. Rxe8 Bxe8 42. Qd8 Rg8 43. Qxb6 Bc6 44. Qd4+ Qg7 45. Qxg7+ Rxg7
46. Be4 Re7 47. Bxc6 Rxe1+ 48. Kf2 Rb1 49. Bd5 Rxb2+ 50. Kg3 Kg7 51. Kf4 Kf6
52. Kf3 b6 53. Kg3 h6 54. Kf3 g5 55. Kg3 h5 56. Kf3 Rd2 57. Bc4 g4+ 58. hxg4
hxg4+ 59. Kg3 Kf5 60. a4 Rd4 61. Bb5 Rb4 62. Bd3+ Kg5 63. Bb5 Rb3+ 64. Kf2 Rb4
65. Bd7 Rb2+ 66. Kf1 g3 0-1

[Event "ODEM U25 2010"]
[Site "Oberhof GER"]
[Date "2010.05.28"]
[Round "8"]
[White "Wachinger, David"]
[Black "Hartzendorf, Jonathan"]
[Result "0-1"]
[Termination "normal"]
[Board "21"]
[WhiteElo "1500"]
[BlackElo "1671"]
[PlyCount "70"]
[WhiteFideId "24692689"]
[BlackFideId "24660990"]
[EventCountry "GER"]
[EventRounds "9"]
[EventType "swiss"]
[EventDate "2010.05.22"]

1. d4 d5 2. c4 e5 3. dxe5 d4 4. Nf3 Nc6 5. Nbd2 Bg4 6. a3 f6 7. e6 Bxe6 8. Nb3
Bxc4 9. Nbxd4 Qd7 10. Qa4 Bd5 11. Nxc6 Bxc6 12. Qc2 Bd6 13. g3 O-O-O 14. Bg2
Ne7 15. O-O h5 16. e4 g5 17. Bd2 g4 18. Nh4 Bxg3 19. fxg3 Qxd2 20. Qxd2 Rxd2
21. b4 Rf8 22. Nf5 Ng6 23. Ng7 h4 24. Rf2 Rxf2 25. Kxf2 h3 26. Bh1 Ne5 27. Nf5
Rd8 28. Ke2 Bb5+ 29. Ke1 Rd3 30. a4 Bc4 31. Rc1 Kd7 32. b5 Ra3 33. Rd1+ Ke8 34.
Ng7+ Kf7 35. Nf5 Rxa4 0-1

[Event "ODEM U25 2010"]
[Site "Oberhof GER"]
[Date "2010.05.28"]
[Round "8"]
[White "Celmer, Ole"]
[Black "Grötzbach, Daniel"]
[Result "1/2-1/2"]
[Termination "normal"]
[Board "22"]
[WhiteElo "1671"]
[BlackElo "1798"]
[PlyCount "64"]
[WhiteFideId "24657107"]
[BlackFideId "24692166"]
[EventCountry "GER"]
[EventRounds "9"]
[EventType "swiss"]
[EventDate "2010.05.22"]

1. e4 c5 2. Nf3 d6 3. d4 cxd4 4. Nxd4 Nf6 5. Nc3 a6 6. Be2 e6 7. Be3 Be7 8. O-O
O-O 9. Qd2 Nc6 10. f4 Qc7 11. Rad1 b5 12. Bf3 Bb7 13. Nxc6 Bxc6 14. a3 Qb7 15.
Qd3 Rac8 16. Rfe1 Nd7 17. Ne2 Nc5 18. Bxc5 dxc5 19. Ng3 Rfd8 20. Qe2 Rc7 21.
Rxd8+ Bxd8 22. Rd1 Rd7 23. Rd3 Bb6 24. Kh1 Kf8 25. Qd1 Rxd3 26. Qxd3 Qc7 27.
Ne2 Qd8 28. Qxd8+ Bxd8 29. Kg1 Bb6 30. Kf1 Ke7 31. Ke1 f6 32. Kd2 Bc7 1/2-1/2

[Event "ODEM U25 2010"]
[Site "Oberhof GER"]
[Date "2010.05.28"]
[Round "8"]
[White "Luther, Alexander"]
[Black "Velina, Valeria"]
[Result "1-0"]
[Termination "normal"]
[Board "23"]
[WhiteElo "1944"]
[BlackElo "1776"]
[PlyCount "83"]
[WhiteFideId "24682616"]
[BlackFideId "24677345"]
[EventCountry "GER"]
[EventRounds "9"]
[EventType "swiss"]
[EventDate "2010.05.22"]

1. e4 d5 2. exd5 Qxd5 3. Nc3 Qd6 4. Nf3 Nf6 5. d3 c6 6. Be2 e6 7. O-O Nbd7 8.
a3 Qc7 9. Be3 Bd6 10. h3 O-O 11. Nd2 Nd5 12. Nxd5 exd5 13. d4 Nf6 14. Bd3 h6
15. Qf3 Re8 16. Rfe1 Be6 17. Bxh6 c5 18. Bg5 Be7 19. Bf4 Qb6 20. dxc5 Bxc5 21.
Nb3 Bd6 22. Bxd6 Qxd6 23. Nd4 Rab8 24. Re2 Bd7 25. Rae1 Qb6 26. Nb3 Rxe2 27.
Rxe2 a5 28. Qe3 Qc7 29. Qe5 Qd8 30. Nd4 b5 31. Bf5 Bxf5 32. Nxf5 Rb6 33. Qg3 g6
34. Qg5 Qd7 35. Nd4 Ne4 36. Qe3 Kg7 37. Nf5+ Qxf5 38. Qxb6 Qh5 39. Qe3 Qf5 40.
f3 Nf6 41. Qe5 Qc8 42. g4 1-0

[Event "ODEM U25 2010"]
[Site "Oberhof GER"]
[Date "2010.05.28"]
[Round "8"]
[White "Twerskoi, David"]
[Black "Bischoff, Nico"]
[Result "1-0"]
[Termination "normal"]
[Board "24"]
[WhiteElo "1632"]
[BlackElo "1518"]
[PlyCount "37"]
[BlackFideId "24661007"]
[EventCountry "GER"]
[EventRounds "9"]
[EventType "swiss"]
[EventDate "2010.05.22"]

1. e4 c5 2. Nf3 e6 3. d4 cxd4 4. Nxd4 Bc5 5. Nf3 Ne7 6. Bd3 O-O 7. O-O Nbc6 8.
c3 a5 9. Bf4 f5 10. Qd2 fxe4 11. Bxe4 d5 12. Bc2 Bd6 13. Bxd6 Qxd6 14. Na3 e5
15. Nc4 Qc7 16. Ne3 Qd6 17. Rfe1 e4 18. Bxe4 Qf4 19. Nxd5 1-0

[Event "ODEM U25 2010"]
[Site "Oberhof GER"]
[Date "2010.05.28"]
[Round "8"]
[White "Schirra, Felix"]
[Black "Orhan, Eda"]
[Result "1-0"]
[Termination "normal"]
[Board "25"]
[WhiteElo "1599"]
[BlackElo "1778"]
[PlyCount "57"]
[WhiteFideId "24692662"]
[BlackFideId "24659258"]
[EventCountry "GER"]
[EventRounds "9"]
[EventType "swiss"]
[EventDate "2010.05.22"]

1. e4 d5 2. exd5 Qxd5 3. Nc3 Qd6 4. d4 Nf6 5. Bc4 a6 6. Bb3 b5 7. Nge2 Bb7 8.
O-O e6 9. Bf4 Qc6 10. f3 Bd6 11. Re1 O-O 12. Bg3 Nbd7 13. Nf4 Qb6 14. Kh1 c5
15. dxc5 Nxc5 16. Qd4 b4 17. Ne4 Nfxe4 18. fxe4 Bxf4 19. Bxf4 Rad8 20. Qf2 Qc6
21. e5 Rd7 22. a3 Nxb3 23. cxb3 Qb5 24. Re3 Rfd8 25. Rae1 Rd2 26. Qh4 Bxg2+ 27.
Kg1 Qc6 28. R3e2 Rxe2 29. Qxd8+ 1-0

[Event "ODEM U25 2010"]
[Site "Oberhof GER"]
[Date "2010.05.28"]
[Round "8"]
[White "Wang, Julia"]
[Black "Bingert, Tim Niklas"]
[Result "0-1"]
[Termination "normal"]
[Board "26"]
[WhiteElo "1722"]
[BlackElo "1411"]
[PlyCount "94"]
[WhiteFideId "24692565"]
[BlackFideId "12917907"]
[EventCountry "GER"]
[EventRounds "9"]
[EventType "swiss"]
[EventDate "2010.05.22"]

1. e4 c5 2. Nc3 Nc6 3. Bc4 e6 4. d3 Nge7 5. Bd2 d5 6. Bb3 a6 7. a4 Nd4 8. Ba2
b5 9. f4 Qd7 10. Nce2 dxe4 11. Nxd4 Qxd4 12. Ne2 Qd6 13. dxe4 Bb7 14. Ng3 Ng6
15. O-O Qd4+ 16. Kh1 Qxb2 17. f5 exf5 18. Rxf5 f6 19. Rf3 Qe5 20. Bc3 Qd6 21.
Qe2 c4 22. Nf5 Qc7 23. Nd4 Bc6 24. Nxc6 Qxc6 25. e5 Qe6 26. Re1 f5 27. Qf2 Ne7
28. Bb4 g6 29. Qh4 Nc6 30. Bc3 Bc5 31. Qh6 O-O-O 32. axb5 axb5 33. Qf4 Bd4 34.
Bxd4 Rxd4 35. Qc1 Rhd8 36. h3 Qd5 37. Qa3 Kb7 38. Qe3 Re4 39. Qf2 Rxe1+ 40.
Qxe1 Qxe5 41. Qc1 Qd6 42. Rf1 Qd5 43. Qb2 Kb6 44. c3 Qd2 45. Qb1 Kc5 46. Qa1
Ra8 47. Rd1 Rxa2 0-1

[Event "ODEM U25 2010"]
[Site "Oberhof GER"]
[Date "2010.05.28"]
[Round "8"]
[White "Hefner, Felix"]
[Black "Rosenberger, Andreas"]
[Result "1-0"]
[Termination "normal"]
[Board "28"]
[WhiteElo "1597"]
[BlackElo "1441"]
[PlyCount "71"]
[WhiteFideId "12910651"]
[BlackFideId "12900192"]
[EventCountry "GER"]
[EventRounds "9"]
[EventType "swiss"]
[EventDate "2010.05.22"]

1. c4 d6 2. Nc3 Nf6 3. d4 g6 4. Nf3 Bg7 5. d5 e5 6. e4 O-O 7. Be2 Ne8 8. Bg5 f6
9. Be3 f5 10. Bg5 Nf6 11. exf5 Bxf5 12. Bd3 Bxd3 13. Qxd3 a6 14. h4 Qe8 15. Ne4
Nbd7 16. O-O-O Nxe4 17. Qxe4 Nc5 18. Qc2 b5 19. h5 bxc4 20. Qxc4 Rb8 21. Rhe1
Qf7 22. h6 Bh8 23. Be3 e4 24. Nd4 Nd3+ 25. Rxd3 exd3 26. b3 d2+ 27. Kxd2 Bxd4
28. Bxd4 Qf4+ 29. Kd1 Qxh6 30. Re7 Rf4 31. Ke2 Rc8 32. Qc3 Rf7 33. Rxf7 Kxf7
34. Qf3+ Ke8 35. Qe4+ Kf7 36. Qe6+ 1-0

[Event "ODEM U25 2010"]
[Site "Oberhof GER"]
[Date "2010.05.28"]
[Round "8"]
[White "Senf, Paul"]
[Black "Bauch, Florian"]
[Result "1-0"]
[Termination "normal"]
[Board "29"]
[WhiteElo "1593"]
[BlackElo "1251"]
[PlyCount "131"]
[WhiteFideId "12900389"]
[EventCountry "GER"]
[EventRounds "9"]
[EventType "swiss"]
[EventDate "2010.05.22"]

1. e4 e5 2. Nf3 Nf6 3. Nxe5 d6 4. Nf3 Nxe4 5. d4 d5 6. Bd3 Nc6 7. O-O Be7 8. c4
dxc4 9. Bxc4 O-O 10. Nc3 Nf6 11. h3 Qd6 12. Be3 Nh5 13. Nb5 Qg6 14. Bd3 Bf5 15.
Bxf5 Qxf5 16. Nc3 Nf6 17. Re1 h6 18. Qd2 Rfe8 19. Rad1 Rad8 20. Qd3 Qxd3 21.
Rxd3 Nb4 22. Rd2 c6 23. Rde2 Nd3 24. Rd1 Nb4 25. a3 Nbd5 26. Rde1 Nxc3 27. bxc3
Bxa3 28. Ra1 Bd6 29. Rxa7 Rd7 30. c4 Bb8 31. Ra1 Rde7 32. Kf1 Ne4 33. Rae1 Kf8
34. Bc1 Bd6 35. c5 Bg3 36. Rxe4 Rxe4 37. Rxe4 Rxe4 38. fxg3 Re8 39. Kf2 f6 40.
Nh4 Rb8 41. Bf4 Ra8 42. Nf5 g5 43. Bd6+ Kf7 44. Nxh6+ Ke6 45. Ng4 Ra2+ 46. Kf3
Rd2 47. Ke3 Rxg2 48. Nf2 f5 49. Ke2 Rg1 50. Be5 Rb1 51. h4 gxh4 52. gxh4 Rb3
53. h5 Kf7 54. Nd3 b5 55. cxb6 Rxb6 56. Nf4 Rb2+ 57. Kd3 Rh2 58. Kc3 Rh1 59.
Kb4 Rb1+ 60. Kc5 Rc1+ 61. Kd6 Ke8 62. Ke6 c5 63. dxc5 Rxc5 64. Kxf5 Rc1 65. Kg4
Rc4 66. h6 1-0

[Event "ODEM U25 2010"]
[Site "Oberhof GER"]
[Date "2010.05.28"]
[Round "8"]
[White "Klosa, Kevin"]
[Black "Alt, Elisabeth"]
[Result "1-0"]
[Termination "normal"]
[Board "30"]
[WhiteElo "1493"]
[BlackElo "1362"]
[PlyCount "61"]
[WhiteFideId "12900206"]
[BlackFideId "24692620"]
[EventCountry "GER"]
[EventRounds "9"]
[EventType "swiss"]
[EventDate "2010.05.22"]

1. e4 d5 2. exd5 Nf6 3. d4 Nxd5 4. Nf3 Bg4 5. Be2 e6 6. O-O Be7 7. c4 Nf6 8. b3
O-O 9. Bb2 Nc6 10. Nbd2 h6 11. Re1 Bf5 12. a3 a6 13. Nf1 Na7 14. Ng3 Bh7 15.
Ne5 c5 16. Bf3 Rb8 17. Re2 cxd4 18. Bxd4 b6 19. b4 Nc8 20. Nc6 Qc7 21. Nxb8
Qxb8 22. Qd2 Rd8 23. Qc3 Qc7 24. Ree1 Na7 25. Rad1 Nc6 26. Be3 Ne5 27. Rxd8+
Bxd8 28. Be2 Nfg4 29. Bf4 Bf6 30. Bxg4 Nxg4 31. Qxf6 1-0

[Event "ODEM U25 2010"]
[Site "Oberhof GER"]
[Date "2010.05.28"]
[Round "8"]
[White "Mehling, Franziska"]
[Black "Oltmanns, Bianca"]
[Result "1-0"]
[Termination "normal"]
[Board "31"]
[WhiteElo "1477"]
[BlackElo "1402"]
[PlyCount "51"]
[WhiteFideId "12900133"]
[BlackFideId "24698008"]
[EventCountry "GER"]
[EventRounds "9"]
[EventType "swiss"]
[EventDate "2010.05.22"]

1. d4 f5 2. e4 fxe4 3. Nc3 Nf6 4. Bg5 Nc6 5. d5 Ne5 6. Qd4 d6 7. Nxe4 Bf5 8.
Bxf6 exf6 9. O-O-O Be7 10. f4 Ng6 11. Ng3 Bd7 12. Nf3 O-O 13. h4 f5 14. h5 Nh8
15. Re1 a5 16. Bd3 g6 17. hxg6 Nxg6 18. Rh5 Bf6 19. Qe3 Bh4 20. Nxh4 Nxh4 21.
Rg5+ Kh8 22. Rh1 Nxg2 23. Qf3 Nxf4 24. Rxh7+ Kxh7 25. Qh1+ Nh5 26. Qxh5# 1-0

[Event "ODEM U25 2010"]
[Site "Oberhof GER"]
[Date "2010.05.28"]
[Round "8"]
[White "Geldner, Gerrit"]
[Black "Jorczik, Andreas Carlos"]
[Result "1/2-1/2"]
[Termination "normal"]
[Board "32"]
[WhiteElo "1594"]
[BlackElo "1779"]
[PlyCount "42"]
[WhiteFideId "24678929"]
[BlackFideId "24634921"]
[EventCountry "GER"]
[EventRounds "9"]
[EventType "swiss"]
[EventDate "2010.05.22"]

1. f4 f5 2. Nf3 Nf6 3. b3 b6 4. Bb2 Bb7 5. c4 e6 6. e3 c5 7. Be2 g6 8. O-O Bg7
9. Ne5 d6 10. Bf3 Bxf3 11. Qxf3 d5 12. d3 O-O 13. Nc3 Na6 14. Rad1 Rc8 15. g4
d4 16. g5 Nd7 17. Nxd7 Qxd7 18. Nb5 Nb4 19. exd4 a6 20. a3 Nc2 21. Rd2 Nxd4
1/2-1/2

[Event "ODEM U25 2010"]
[Site "Oberhof GER"]
[Date "2010.05.28"]
[Round "8"]
[White "Erben, Katrin"]
[Black "Kirn, Philipp Sebastian"]
[Result "1/2-1/2"]
[Termination "normal"]
[Board "33"]
[WhiteElo "1044"]
[BlackElo "1099"]
[PlyCount "51"]
[WhiteFideId "24692743"]
[EventCountry "GER"]
[EventRounds "9"]
[EventType "swiss"]
[EventDate "2010.05.22"]

1. e4 d5 2. exd5 Nf6 3. Bb5+ Bd7 4. Bxd7+ Qxd7 5. c4 c6 6. dxc6 Nxc6 7. d3 Ne5
8. d4 Nxc4 9. b3 Nb6 10. Nf3 e6 11. O-O Rd8 12. Be3 Ne4 13. Qd3 Nc5 14. Qc2 Na6
15. Nc3 Rc8 16. Qb2 Bb4 17. Rac1 O-O 18. Ne5 Qd6 19. Nb5 Qb8 20. Rxc8 Rxc8 21.
Rc1 Nc7 22. Nxc7 Rxc7 23. Bf4 Rxc1+ 24. Qxc1 Qd8 25. Nf3 Nd5 26. Bd2 1/2-1/2

[Event "ODEM U25 2010"]
[Site "Oberhof GER"]
[Date "2010.05.29"]
[Round "9"]
[White "Künstler, Christian"]
[Black "Figura, Atila Gajo"]
[Result "1/2-1/2"]
[Termination "normal"]
[Board "1"]
[BlackTitle "FM"]
[WhiteElo "2005"]
[BlackElo "2418"]
[PlyCount "28"]
[WhiteFideId "24602361"]
[BlackFideId "4688058"]
[EventCountry "GER"]
[EventRounds "9"]
[EventType "swiss"]
[EventDate "2010.05.22"]

1. e4 c5 2. c4 Nc6 3. Nc3 g6 4. g3 Bg7 5. Bg2 d6 6. Nge2 Bd7 7. d3 a6 8. O-O
Rb8 9. f4 b5 10. Rb1 Qc8 11. Nd5 e6 12. Ne3 Nge7 13. b3 Nd4 14. Bb2 Nec6
1/2-1/2

[Event "ODEM U25 2010"]
[Site "Oberhof GER"]
[Date "2010.05.29"]
[Round "9"]
[White "Müller, Reinhold"]
[Black "Seidler, Lukas"]
[Result "1/2-1/2"]
[Termination "normal"]
[Board "2"]
[WhiteElo "2279"]
[BlackElo "2089"]
[PlyCount "81"]
[WhiteFideId "24605875"]
[BlackFideId "12900095"]
[EventCountry "GER"]
[EventRounds "9"]
[EventType "swiss"]
[EventDate "2010.05.22"]

1. d4 Nf6 2. c4 g6 3. Nc3 Bg7 4. e4 d6 5. f4 O-O 6. Nf3 Na6 7. Be2 e5 8. dxe5
dxe5 9. Qxd8 Rxd8 10. Nxe5 Nd7 11. Nxd7 Bxd7 12. Be3 Nb4 13. O-O-O Bc6 14. a3
Bxc3 15. bxc3 Na6 16. Bf3 f5 17. e5 Bxf3 18. gxf3 Kf7 19. h4 Rxd1+ 20. Rxd1 Ke6
21. Kc2 c6 22. h5 Rg8 23. hxg6 Rxg6 24. Rd6+ Ke7 25. Rxg6 hxg6 26. Bxa7 Nc7 27.
Be3 Kd7 28. Kb3 Ne6 29. Kb4 Kc7 30. Ka5 c5 31. Kb5 b6 32. a4 Kb7 33. a5 Nc7+
34. Ka4 Ka6 35. axb6 Kxb6 36. Kb3 Ne6 37. Kc2 Kc6 38. Kd3 Kb6 39. Bc1 Kc6 40.
Ke3 Kb6 41. Ba3 1/2-1/2

[Event "ODEM U25 2010"]
[Site "Oberhof GER"]
[Date "2010.05.29"]
[Round "9"]
[White "Wurm, Alexander"]
[Black "Weber, Max"]
[Result "1/2-1/2"]
[Termination "normal"]
[Board "3"]
[WhiteElo "2063"]
[BlackElo "1888"]
[PlyCount "82"]
[WhiteFideId "24637246"]
[BlackFideId "4624831"]
[EventCountry "GER"]
[EventRounds "9"]
[EventType "swiss"]
[EventDate "2010.05.22"]

1. d4 Nf6 2. c4 g6 3. Nc3 d5 4. h4 c5 5. dxc5 d4 6. Nb5 Nc6 7. e3 e5 8. exd4
Nxd4 9. b4 a5 10. Bg5 Be7 11. Nf3 Bg4 12. Nbxd4 exd4 13. Qxd4 Bxf3 14. Qxd8+
Bxd8 15. gxf3 axb4 16. Bd3 O-O 17. O-O Nd7 18. Rfb1 Nxc5 19. Bc2 Bxg5 20. hxg5
Rfd8 21. Rxb4 Rd4 22. a4 b5 23. a5 Rxc4 24. Rxc4 bxc4 25. Kf1 Nb3 26. Bxb3 cxb3
27. f4 b2 28. Rb1 Rxa5 29. Rxb2 Ra4 30. Kg2 Rxf4 31. Kg3 Rf5 32. f4 Kg7 33. Rh2
f6 34. Kg4 fxg5 35. fxg5 Ra5 36. Rb2 Ra4+ 37. Kf3 Ra7 38. Kg4 h5+ 39. gxh6+
Kxh6 40. Rh2+ Kg7 41. Rb2 Kf6 1/2-1/2

[Event "ODEM U25 2010"]
[Site "Oberhof GER"]
[Date "2010.05.29"]
[Round "9"]
[White "Gölz, Daniel"]
[Black "Magnussen, Helge"]
[Result "1-0"]
[Termination "normal"]
[Board "4"]
[WhiteElo "2095"]
[BlackElo "2063"]
[PlyCount "39"]
[WhiteFideId "24626325"]
[BlackFideId "24632651"]
[EventCountry "GER"]
[EventRounds "9"]
[EventType "swiss"]
[EventDate "2010.05.22"]

1. e4 e6 2. d3 d5 3. Qe2 Be7 4. Nf3 dxe4 5. dxe4 b6 6. Qc4 Nf6 7. Bf4 c5 8. Nc3
O-O 9. Rd1 Nbd7 10. Qa4 Nh5 11. Be5 a6 12. Bb5 Ra7 13. Bc6 Bf6 14. Nb5 Bxe5 15.
Nxa7 b5 16. Qa3 b4 17. Qb3 c4 18. Qxb4 a5 19. Qb5 Bxb2 20. Qxb2 1-0

[Event "ODEM U25 2010"]
[Site "Oberhof GER"]
[Date "2010.05.29"]
[Round "9"]
[White "Zentgraf, Robert"]
[Black "Huhnstock, Rico"]
[Result "1-0"]
[Termination "normal"]
[Board "5"]
[WhiteElo "2107"]
[BlackElo "1918"]
[PlyCount "43"]
[WhiteFideId "4676483"]
[BlackFideId "24642932"]
[EventCountry "GER"]
[EventRounds "9"]
[EventType "swiss"]
[EventDate "2010.05.22"]

1. e4 c5 2. c3 Nf6 3. e5 Nd5 4. d4 cxd4 5. cxd4 d6 6. exd6 e6 7. Nc3 Bxd6 8.
Nf3 O-O 9. Bc4 Nb6 10. Bd3 N8d7 11. O-O Nf6 12. a3 Bd7 13. Bg5 Be7 14. Re1 Nbd5
15. Ne5 Rc8 16. Nxd5 Nxd5 17. Qh5 f5 18. Bxe7 Qxe7 19. Qf3 Qd6 20. Bc4 Bc6 21.
Nxc6 Rxc6 22. Rxe6 1-0

[Event "ODEM U25 2010"]
[Site "Oberhof GER"]
[Date "2010.05.29"]
[Round "9"]
[White "Zuferi, Enis"]
[Black "Simon, Christopher"]
[Result "1/2-1/2"]
[Termination "normal"]
[Board "6"]
[WhiteElo "1853"]
[BlackElo "1922"]
[PlyCount "74"]
[WhiteFideId "24692530"]
[BlackFideId "24618772"]
[EventCountry "GER"]
[EventRounds "9"]
[EventType "swiss"]
[EventDate "2010.05.22"]

1. d4 Nf6 2. c4 g6 3. Nc3 Bg7 4. e4 d6 5. f3 O-O 6. Be3 Nc6 7. Nge2 a6 8. Qd2
Rb8 9. Nc1 e5 10. d5 Nd4 11. Nb3 c5 12. dxc6 bxc6 13. Nxd4 exd4 14. Bxd4 c5 15.
Be3 Ne8 16. Rc1 Be6 17. Be2 Qh4+ 18. Bf2 Qe7 19. O-O f5 20. Nd5 Bxd5 21. Qxd5+
Kh8 22. b3 Nf6 23. Qd2 fxe4 24. Rcd1 Rbd8 25. Qe3 Rfe8 26. Rfe1 Qd7 27. g4 exf3
28. Qxf3 Ne4 29. Be3 Nc3 30. Rd3 Qe6 31. Bg5 Nxe2+ 32. Rxe2 Qxe2 33. Qxe2 Rxe2
34. Bxd8 Bd4+ 35. Kh1 Rxa2 36. Be7 Be5 37. h3 Rb2 1/2-1/2